The Egyptian Expeditionary Force in World War I : a history of the British-led campaigns in Egypt, Palestine and Syria /

Drawn from the historical record and the author's family letters and photographs, this military history follows the 5th Suffolk Regiment from England to Syria and to the end of the war.

Bibliographic Details
Main Author: Mortlock, Michael J., 1933-
Format: Book
Language:English
Published: Jefferson, N.C. : McFarland & Company, [2010]
Subjects:

MARC

Tag First Indicator Second Indicator Subfields
LEADER 00000cam a2200000 a 4500
001 in00002706921
005 20151202141651.0
008 100901s2010 ncuab b 001 0deng
010 |a  2010036387 
020 |a 9780786448715 (softcover : alk. paper) 
020 |a 0786448717 (softcover : alk. paper) 
035 |a (OCoLC)ocn601050146 
040 |a DLC  |c DLC  |d UtOrBLW 
043 |a e-uk---  |a f-ua---  |a a-is--- 
049 |a TXAM 
050 0 0 |a D547.S85  |b M67 2010 
082 0 0 |a 940.4/1241  |2 22 
100 1 |a Mortlock, Michael J.,  |d 1933- 
245 1 4 |a The Egyptian Expeditionary Force in World War I :  |b a history of the British-led campaigns in Egypt, Palestine and Syria /  |c Michael J. Mortlock. 
264 1 |a Jefferson, N.C. :  |b McFarland & Company,  |c [2010] 
264 4 |c ©2010 
300 |a x, 302 pages :  |b illustrations, maps ;  |c 23 cm. 
336 |a text  |b txt  |2 rdacontent 
337 |a unmediated  |b n  |2 rdamedia 
338 |a volume  |b nc  |2 rdacarrier 
520 2 |a Drawn from the historical record and the author's family letters and photographs, this military history follows the 5th Suffolk Regiment from England to Syria and to the end of the war. 
504 |a Includes bibliographical references and index. 
505 0 |a Introduction: The Middle Eastern theatre -- Egypt and the Suez Canal -- The Sinai Peninsula and the failures at Gaza -- The gateway to Palestine -- A change at the top, then success at Beersheba and Gaza -- Lloyd George's Christmas present -- Advance, delay, advance: the Judean Hills and the Jordan -- The final stroke -- Backlash -- Postscript: Back home -- Appendix A: Brief biographies from the Palestine Campaign -- Appendix B: Basic British Army structure -- Appendix C: Casualties -- Appendix D: Order of battle of the Egyptian Expeditionary Force -- Appendix E: General Allenby's official report -- Appendix F: The Egyptian government -- Appendix G: Statement of aims in Palestine -- Appendix H: Norfolk Regiment officers -- Appendix I: Royal Army Service Corps officers, 54th (East Anglian) Division -- Appendix J: Equipment on company establishment -- Appendix K: Field Marshal Lord Allenby's letter. 
610 1 0 |a Great Britain.  |b Army.  |b Suffolk Regiment  |x History  |y World War, 1914-1918. 
610 1 0 |a Great Britain.  |b Army.  |b Egyptian Expeditionary Force  |x History. 
650 0 |a World War, 1914-1918  |x Regimental histories  |z Great Britain. 
650 0 |a World War, 1914-1918  |x Campaigns  |z Egypt. 
650 0 |a World War, 1914-1918  |x Campaigns  |z Palestine. 
650 0 |a World War, 1914-1918  |x Campaigns  |z Syria. 
600 1 0 |a Mortlock, Jake  |v Correspondence. 
650 0 |a Soldiers  |z England  |z Suffolk  |v Correspondence. 
610 1 0 |a Great Britain.  |b Army  |x History  |y World war, 1914-1918  |v Sources. 
945 |a PromptCat  |b 538330 
946 |a stk 
947 |a A14840443368 
948 |a cataloged  |b h  |c 2011/8/3  |d c  |e dmitchel  |f 2:30:20 pm 
994 |a 92  |b TXA 
999 |a MARS 
999 f f |s cd750f44-7043-3377-a01c-183f275bde17  |i 3240ee95-bf53-3cc3-a131-cb85f7b4348a  |t 0 
952 f f |p ric  |a Texas A&M University  |b Rellis Campus  |c Joint Library Facility  |d Remote Storage  |t 0  |e D547.S85 M67 2010  |h Library of Congress classification  |i unmediated -- volume  |m A14840443368 
998 f f |a D547.S85 M67 2010  |t 0  |l Remote Storage